[Event "Sao Paulo Osasco"]
[Site "Sao Paulo"]
[Date "2022.11.09"]
[Round "5"]
[White "Filgueiras, Nathan Felipe"]
[Black "Di Giannantonio, Nino"]
[Result "1-0"]
[WhiteElo "2358"]
[BlackElo "2383"]
[PlyCount "89"]
[EventDate "2022.11.06"]
[EventType "tourn"]
[EventRounds "9"]
[EventCountry "BRA"]
[EventCategory "1"]
[SourceTitle "CBM 211 Extra"]
[Source "ChessBase"]
[SourceDate "2023.01.31"]
[SourceVersion "1"]
[SourceVersionDate "2023.01.31"]
[SourceQuality "1"]

1. e4 e5 2. Nf3 Nc6 3. Nc3 d6 4. d4 exd4 5. Nxd4 Nf6 6. Bf4 Be7 7. Qd2 0-0 8. 0-0-0 Ne5 9. f3 a6 10. Qf2 Qe8 11. g4 c6 12. Rg1 b5 13. Nf5 Bxf5 14. exf5 Nfd7 15. g5 Bd8 16. Be3 d5 17. f4 Nc4 18. Bxc4 bxc4 19. Bd4 Bc7 20. Rde1 Qd8 21. f6 Re8 22. Rxe8+ Qxe8 23. fxg7 Qe6 24. f5 Qd6 25. Ne2 Qxh2 26. Qxh2 Bxh2 27. Rg2 Bd6 28. f6 Re8 29. Kd2 Re4 30. c3 Ne5 31. Bxe5 Bxe5 32. Rf2 Rg4 33. Rf5 Bd6 34. Ke3 h6 35. gxh6 Kh7 36. Kf3 Rg6 37. Nd4 c5 38. Nc6 Rxh6 39. Kg4 Kg8 40. Na7 d4 41. Nc8 Rg6+ 42. Kh5 Bf8 43. gxf8Q+ Kxf8 44. Ne7 dxc3 45. bxc3 1-0

[Event "Villa Constitucion op"]
[Site "Villa Constitucion"]
[Date "2018.09.02"]
[Round "6"]
[White "Di Giannantonio, Nino"]
[Black "Lagar, Valentin Alejo"]
[Result "1/2-1/2"]
[WhiteElo "2415"]
[BlackElo "2197"]
[PlyCount "31"]
[EventDate "2018.08.31"]
[EventType "swiss"]
[EventRounds "6"]
[EventCountry "ARG"]
[SourceTitle "CBM 186 Extra"]
[Source "ChessBase"]
[SourceDate "2018.08.24"]
[SourceVersion "1"]
[SourceVersionDate "2018.08.24"]
[SourceQuality "1"]

1. e4 e5 2. Nf3 Nc6 3. Bb5 a6 4. Ba4 Nf6 5. 0-0 b5 6. Bb3 Bc5 7. d3 d6 8. a4 Rb8 9. axb5 axb5 10. h3 Be6 11. Bxe6 fxe6 12. Be3 Bxe3 13. fxe3 0-0 14. Qe1 Ra8 15. Nc3 b4 16. Ne2 1/2-1/2

[Event "Rosario"]
[Site "Rosario"]
[Date "2018.08.08"]
[Round "4"]
[White "Munoz, Francisco Javier"]
[Black "Di Giannantonio, Nino"]
[Result "1/2-1/2"]
[WhiteElo "2299"]
[BlackElo "2415"]
[PlyCount "44"]
[EventDate "2018.08.06"]
[EventType "tourn"]
[EventRounds "9"]
[EventCountry "ARG"]
[EventCategory "1"]
[SourceTitle "CBM 186 Extra"]
[Source "ChessBase"]
[SourceDate "2018.08.24"]
[SourceVersion "1"]
[SourceVersionDate "2018.08.24"]
[SourceQuality "1"]

1. e4 e5 2. Nf3 Nc6 3. Bb5 a6 4. Ba4 Nf6 5. d4 exd4 6. 0-0 Be7 7. Re1 b5 8. Bb3 d6 9. Bd5 Bb7 10. Nxd4 Nxd5 11. Nxc6 Bxc6 12. exd5 Bb7 13. Bg5 f6 14. Bh4 0-0 15. Qd3 Qd7 16. c4 Rae8 17. Nc3 bxc4 18. Qxc4 f5 19. Bxe7 Rxe7 20. Qb4 Rfe8 21. Red1 Ba8 22. Qc4 Bb7 1/2-1/2

[Event "Buenos Aires Grafica Yael-A"]
[Site "Buenos Aires"]
[Date "2018.07.28"]
[Round "1"]
[White "Di Giannantonio, Nino"]
[Black "Perez Candelas, Andres Eloy"]
[Result "1/2-1/2"]
[WhiteElo "2404"]
[BlackElo "2156"]
[PlyCount "77"]
[EventDate "2018.07.28"]
[EventType "tourn"]
[EventRounds "9"]
[EventCountry "ARG"]
[EventCategory "1"]
[SourceTitle "CBM 185 Extra"]
[Source "ChessBase"]
[SourceDate "2018.07.29"]
[SourceVersion "1"]
[SourceVersionDate "2018.07.29"]
[SourceQuality "1"]

1. e4 Nf6 2. e5 Nd5 3. d4 d6 4. c4 Nb6 5. exd6 cxd6 6. Nc3 g6 7. Be3 Bg7 8. Rc1 0-0 9. b3 Bf5 10. Be2 d5 11. c5 Nc8 12. h3 Nc6 13. Nf3 Be4 14. 0-0 Bxf3 15. Bxf3 e6 16. Qd2 N8e7 17. Nb5 Nf5 18. Bg4 Nxe3 19. fxe3 Qg5 20. Rcd1 e5 21. dxe5 Bxe5 22. Nd6 h5 23. Bf3 Ne7 24. Rf2 Bg3 25. Re2 b6 26. Bxd5 Rad8 27. b4 bxc5 28. bxc5 Kh7 29. e4 Bf4 30. Qd3 Bxd6 31. cxd6 Rxd6 32. Qa3 Qe5 33. Rf2 Kg7 34. Qxa7 Nxd5 35. exd5 Rxd5 36. Rxd5 Qxd5 37. Qe3 Rc8 38. Qf4 Qe6 39. Qd4+ 1/2-1/2

[Event "Montevideo Duchamp Cup 2nd"]
[Site "Montevideo"]
[Date "2018.02.08"]
[Round "9"]
[White "Meza, Anahi Silvina"]
[Black "Di Giannantonio, Nino"]
[Result "0-1"]
[WhiteElo "2088"]
[BlackElo "2397"]
[PlyCount "46"]
[EventDate "2018.02.02"]
[EventType "swiss"]
[EventRounds "9"]
[EventCountry "URU"]
[SourceTitle "CBM 182 Extra"]
[Source "ChessBase"]
[SourceDate "2018.02.23"]
[SourceVersion "1"]
[SourceVersionDate "2018.02.23"]
[SourceQuality "1"]

1. d4 Nf6 2. c4 g6 3. Nc3 d5 4. cxd5 Nxd5 5. e4 Nxc3 6. bxc3 Bg7 7. Bc4 c5 8. Ne2 Nc6 9. Be3 0-0 10. 0-0 Bd7 11. Rb1 Qc7 12. Bf4 Qc8 13. d5 Na5 14. Bd3 e5 15. Bd2 f5 16. f4 fxe4 17. Bxe4 Nc4 18. Bc1 Nd6 19. Ng3 Qd8 20. Qc2 Qh4 21. Ba3 exf4 22. Bxc5 fxg3 23. hxg3 Rxf1+ 0-1

[Event "Montevideo Duchamp Cup 2nd"]
[Site "Montevideo"]
[Date "2018.02.03"]
[Round "3"]
[White "Curi, Gabriel"]
[Black "Di Giannantonio, Nino"]
[Result "0-1"]
[WhiteElo "2175"]
[BlackElo "2397"]
[PlyCount "72"]
[EventDate "2018.02.02"]
[EventType "swiss"]
[EventRounds "9"]
[EventCountry "URU"]
[SourceTitle "CBM 182 Extra"]
[Source "ChessBase"]
[SourceDate "2018.02.23"]
[SourceVersion "1"]
[SourceVersionDate "2018.02.23"]
[SourceQuality "1"]

1. d4 Nf6 2. c4 g6 3. Nc3 d5 4. Nf3 Bg7 5. Bg5 Ne4 6. cxd5 Nxg5 7. Nxg5 e6 8. Nf3 exd5 9. e3 0-0 10. Be2 c6 11. b4 a6 12. 0-0 Nd7 13. Qb3 Re8 14. a4 Nb6 15. Ne1 Bf8 16. Nd3 Nc4 17. Ra2 Bd6 18. Re1 Bf5 19. Bf1 Qg5 20. Nd1 h5 21. Qc3 h4 22. N3b2 Qe7 23. Nd3 Qc7 24. g3 hxg3 25. hxg3 a5 26. bxa5 Rxa5 27. Nf4 Qe7 28. Qc1 Bxf4 29. gxf4 Qh4 30. Nc3 Kg7 31. Bg2 Rh8 32. Qd1 Raa8 33. e4 Qh2+ 34. Kf1 Bh3 35. Bxh3 Qxh3+ 36. Ke2 Qxc3 0-1

[Event "Rosario 3rd"]
[Site "Rosario"]
[Date "2017.12.27"]
[Round "3"]
[White "Rodriguez Vila, Andres"]
[Black "Di Giannantonio, Nino"]
[Result "0-1"]
[WhiteElo "2459"]
[BlackElo "2371"]
[PlyCount "94"]
[EventDate "2017.12.26"]
[EventType "tourn"]
[EventRounds "9"]
[EventCountry "ARG"]
[EventCategory "2"]
[SourceTitle "CBM 182 Extra"]
[Source "ChessBase"]
[SourceDate "2018.02.23"]
[SourceVersion "1"]
[SourceVersionDate "2018.02.23"]
[SourceQuality "1"]

1. e4 e5 2. Nf3 Nc6 3. Bc4 Bc5 4. 0-0 Nf6 5. d3 d6 6. c3 a6 7. a4 Ba7 8. b4 Ne7 9. Re1 Ng6 10. d4 0-0 11. Ra2 exd4 12. cxd4 Nxe4 13. Rxe4 d5 14. Bxd5 Qxd5 15. Nc3 Qd6 16. b5 Bf5 17. Ba3 Qd7 18. Bxf8 Bxe4 19. Nxe4 Rxf8 20. bxa6 bxa6 21. g3 Qg4 22. Nc3 h6 23. Qd3 Re8 24. Re2 Rxe2 25. Nxe2 a5 26. Kg2 Bb6 27. h4 Qd7 28. Qc4 Qg4 29. Qb5 Qe4 30. h5 Nf8 31. Nc3 Qe6 32. Qd3 Nd7 33. Qe4 Nf6 34. Qxe6 fxe6 35. Nb5 Nxh5 36. Ne5 Nf6 37. Kf3 Kf8 38. Nc4 Nd5 39. Nxb6 Nxb6 40. Nxc7 Ke7 41. Ke4 Kd7 42. Na6 Nxa4 43. Ke5 Kc6 44. Kxe6 Kb7 45. d5 Kxa6 46. d6 Kb5 47. f4 Nc5+ 0-1

[Event "Rosario"]
[Site "Rosario"]
[Date "2017.02.03"]
[Round "10"]
[White "Contin, Daniel"]
[Black "Di Giannantonio, Nino"]
[Result "1/2-1/2"]
[WhiteElo "2231"]
[BlackElo "2341"]
[PlyCount "43"]
[EventDate "2017.01.30"]
[EventType "tourn"]
[EventRounds "10"]
[EventCountry "ARG"]
[EventCategory "4"]
[SourceTitle "CBM 176 Extra"]
[Source "ChessBase"]
[SourceDate "2017.03.02"]
[SourceVersion "1"]
[SourceVersionDate "2017.03.02"]
[SourceQuality "1"]

1. Nf3 d5 2. c4 c6 3. e3 Nf6 4. d4 Bf5 5. Nc3 e6 6. Bd3 Bxd3 7. Qxd3 Nbd7 8. 0-0 Be7 9. e4 dxe4 10. Nxe4 0-0 11. Bd2 c5 12. Bc3 Nxe4 13. Qxe4 cxd4 14. Nxd4 Qb6 15. Rad1 Nf6 16. Qf3 Bb4 17. Bxb4 Qxb4 18. b3 Rad8 19. Nc2 Qb6 20. Ne3 h6 21. Rxd8 Rxd8 22. Rd1 1/2-1/2

[Event "Rosario"]
[Site "Rosario"]
[Date "2017.02.01"]
[Round "6"]
[White "Di Giannantonio, Nino"]
[Black "Ocantos, Manuel"]
[Result "1-0"]
[WhiteElo "2341"]
[BlackElo "2223"]
[PlyCount "91"]
[EventDate "2017.01.30"]
[EventType "tourn"]
[EventRounds "10"]
[EventCountry "ARG"]
[EventCategory "4"]
[SourceTitle "CBM 176 Extra"]
[Source "ChessBase"]
[SourceDate "2017.03.02"]
[SourceVersion "1"]
[SourceVersionDate "2017.03.02"]
[SourceQuality "1"]

1. e4 c5 2. Nf3 d6 3. c3 Nf6 4. Bd3 g6 5. Bc2 Bg7 6. 0-0 0-0 7. d3 Nc6 8. Nbd2 Rb8 9. d4 b5 10. d5 Na5 11. Rb1 e6 12. b4 cxb4 13. cxb4 Nc4 14. dxe6 Bxe6 15. Re1 Qc7 16. Nxc4 bxc4 17. Bf4 Rfd8 18. Nd4 Bg4 19. Qd2 Re8 20. h3 Bd7 21. Nf3 Qc6 22. a4 c3 23. Qd3 Be6 24. a5 Rb7 25. Bxd6 Qc8 26. Nd4 Rd8 27. e5 Bc4 28. Qxc3 Nd5 29. Qd2 Qd7 30. Bc5 Nc7 31. Qc3 Bd5 32. Rbd1 Ne6 33. Nxe6 fxe6 34. Bb3 Rc7 35. Qg3 Qc6 36. Bd6 Bxb3 37. Qxb3 Rcd7 38. Qxe6+ Kh8 39. Rc1 Qa6 40. Qc4 Rxd6 41. b5 Qxa5 42. exd6 Rf8 43. d7 Qd2 44. Rcd1 Qxf2+ 45. Kh1 Qh4 46. Qxh4 1-0

[Event "Rosario"]
[Site "Rosario"]
[Date "2017.02.01"]
[Round "5"]
[White "Saldano Dayer, Horacio"]
[Black "Di Giannantonio, Nino"]
[Result "1/2-1/2"]
[WhiteElo "2428"]
[BlackElo "2341"]
[PlyCount "30"]
[EventDate "2017.01.30"]
[EventType "tourn"]
[EventRounds "10"]
[EventCountry "ARG"]
[EventCategory "4"]
[SourceTitle "CBM 176 Extra"]
[Source "ChessBase"]
[SourceDate "2017.03.02"]
[SourceVersion "1"]
[SourceVersionDate "2017.03.02"]
[SourceQuality "1"]

1. d4 d5 2. c4 c6 3. cxd5 cxd5 4. Nf3 Nc6 5. Nc3 Nf6 6. Bf4 Bf5 7. e3 e6 8. Bd3 Bxd3 9. Qxd3 Be7 10. h3 0-0 11. 0-0 Nd7 12. Rac1 Nb6 13. Qe2 Rc8 14. Ne1 a6 15. Nd3 Bd6 1/2-1/2

[Event "Rosario"]
[Site "Rosario"]
[Date "2017.01.31"]
[Round "4"]
[White "Di Giannantonio, Nino"]
[Black "Contin, Daniel"]
[Result "1-0"]
[WhiteElo "2341"]
[BlackElo "2231"]
[PlyCount "55"]
[EventDate "2017.01.30"]
[EventType "tourn"]
[EventRounds "10"]
[EventCountry "ARG"]
[EventCategory "4"]
[SourceTitle "CBM 176 Extra"]
[Source "ChessBase"]
[SourceDate "2017.03.02"]
[SourceVersion "1"]
[SourceVersionDate "2017.03.02"]
[SourceQuality "1"]

1. e4 e6 2. d4 d5 3. Nd2 Nc6 4. Ngf3 Nf6 5. e5 Nd7 6. Bd3 f6 7. exf6 Qxf6 8. Nf1 e5 9. Ne3 Nb6 10. dxe5 Nxe5 11. Nxe5 Qxe5 12. 0-0 Bd6 13. f4 Qf6 14. Ng4 Bxg4 15. Qxg4 0-0 16. Kh1 Rae8 17. a4 Re7 18. a5 Nd7 19. Qh5 g5 20. Bd2 Ref7 21. Rf3 Nc5 22. Bc3 d4 23. fxg5 Qg7 24. Bc4 dxc3 25. Raf1 Qg6 26. Rxf7 Qxh5 27. Rxf8+ Kg7 28. Rg8# 1-0

[Event "San Luis La Punta IM"]
[Site "San Luis"]
[Date "2016.12.15"]
[Round "6"]
[White "Valenzuela Gomez, Fernando Alberto"]
[Black "Di Giannantonio, Nino"]
[Result "0-1"]
[WhiteElo "2369"]
[BlackElo "2327"]
[PlyCount "82"]
[EventDate "2016.12.12"]
[EventType "tourn"]
[EventRounds "9"]
[EventCountry "ARG"]
[EventCategory "2"]
[SourceTitle "CBM 176 Extra"]
[Source "ChessBase"]
[SourceDate "2017.03.02"]
[SourceVersion "1"]
[SourceVersionDate "2017.03.02"]
[SourceQuality "1"]

1. d4 Nf6 2. c4 g6 3. Nc3 d5 4. cxd5 Nxd5 5. e4 Nxc3 6. bxc3 Bg7 7. Be3 c5 8. Rc1 0-0 9. Nf3 Qa5 10. Qd2 b6 11. d5 Ba6 12. c4 Qxd2+ 13. Nxd2 Nd7 14. Be2 e6 15. 0-0 exd5 16. exd5 f5 17. Nf3 Rae8 18. Rfe1 h6 19. Bd3 Kf7 20. h4 Nf6 21. Rcd1 Ne4 22. Bc1 Nc3 23. Rd2 Rxe1+ 24. Nxe1 Re8 25. Nf3 Bf6 26. Bb2 Ne4 27. Re2 Bxb2 28. Rxb2 Nd6 29. Rc2 Kf6 30. Kf1 g5 31. hxg5+ hxg5 32. Nd2 g4 33. g3 Kg5 34. Rc3 Re7 35. Ra3 Bc8 36. Rc3 f4 37. gxf4+ Kxf4 38. Kg2 Re1 39. Rc2 Nf5 40. Bxf5 Bxf5 41. Rc3 Rd1 0-1

[Event "Rosario Espanol CC"]
[Site "Rosario"]
[Date "2016.05.19"]
[Round "6"]
[White "Di Giannantonio, Nino"]
[Black "Perez, Maximiliano"]
[Result "1/2-1/2"]
[WhiteElo "2340"]
[BlackElo "2422"]
[PlyCount "74"]
[EventDate "2016.05.16"]
[EventType "tourn"]
[EventRounds "9"]
[EventCountry "ARG"]
[EventCategory "3"]
[SourceTitle "CBM 172 Extra"]
[Source "ChessBase"]
[SourceDate "2016.06.21"]
[SourceVersion "1"]
[SourceVersionDate "2016.06.21"]
[SourceQuality "1"]

1. e4 c5 2. Nf3 d6 3. d4 cxd4 4. Nxd4 Nf6 5. Nc3 a6 6. Be3 e5 7. Nb3 Be6 8. h3 Be7 9. f4 exf4 10. Bxf4 Nc6 11. Qe2 Nd7 12. 0-0-0 Nde5 13. Kb1 0-0 14. g4 Re8 15. Qg2 Ng6 16. Bc1 h6 17. Qg3 Rc8 18. Be2 b5 19. Rhf1 Nge5 20. Nd5 Bh4 21. Qg2 Nc4 22. Bxc4 bxc4 23. Nd4 Bxd5 24. exd5 Nxd4 25. Rxd4 Qb6 26. c3 Rc7 27. Qf3 f6 28. Re4 Re5 29. Rd1 Qf2 30. Qxf2 Bxf2 31. Rf4 Be3 32. Bxe3 Rxe3 33. h4 Re2 34. Rfd4 g6 35. R1d2 Re1+ 36. Rd1 Re2 37. R1d2 Re1+ 1/2-1/2

[Event "Rosario Espanol CC"]
[Site "Rosario"]
[Date "2016.05.17"]
[Round "2"]
[White "Ocantos, Manuel"]
[Black "Di Giannantonio, Nino"]
[Result "1/2-1/2"]
[WhiteElo "2171"]
[BlackElo "2340"]
[PlyCount "104"]
[EventDate "2016.05.16"]
[EventType "tourn"]
[EventRounds "9"]
[EventCountry "ARG"]
[EventCategory "3"]
[SourceTitle "CBM 172 Extra"]
[Source "ChessBase"]
[SourceDate "2016.06.21"]
[SourceVersion "1"]
[SourceVersionDate "2016.06.21"]
[SourceQuality "1"]

1. e4 e5 2. Nf3 Nc6 3. Bb5 a6 4. Ba4 Nf6 5. 0-0 Nxe4 6. d4 b5 7. Bb3 d5 8. dxe5 Be6 9. c3 Be7 10. Nbd2 Nc5 11. Bc2 d4 12. Ne4 d3 13. Nxc5 dxc2 14. Qxd8+ Rxd8 15. Nxe6 fxe6 16. Be3 Rd5 17. Rfc1 Nxe5 18. Nxe5 Rxe5 19. Rxc2 Kf7 20. Bf4 Rc5 21. Rd2 Rd8 22. Rxd8 Bxd8 23. Kf1 Bf6 24. Be3 Rc4 25. Rd1 a5 26. Ke2 Ke7 27. h3 Ra4 28. a3 Rc4 29. Rd2 Ke8 30. Rd1 Ke7 31. Rd2 g6 32. Rd1 Ke8 33. Rd3 Ra4 34. Bd4 Bg5 35. Rd1 Be7 36. f3 Bd6 37. Rd3 Ke7 38. Be3 e5 39. Bc1 Rc4 40. Bd2 Ke6 41. Re3 Kd5 42. Kd3 a4 43. Re4 Rc6 44. Bg5 Bf8 45. Rh4 h5 46. Re4 Rb6 47. Bc1 c5 48. Bd2 Be7 49. Be3 Rb7 50. Bd2 Bd6 51. Be1 g5 52. Bd2 c4+ 1/2-1/2

[Event "Mar del Plata op 47th"]
[Site "Mar del Plata"]
[Date "2016.03.25"]
[Round "8"]
[White "Lopez Azambuja, Nicolas"]
[Black "Di Giannantonio, Nino"]
[Result "0-1"]
[WhiteElo "2284"]
[BlackElo "2351"]
[PlyCount "94"]
[EventDate "2016.03.19"]
[EventType "swiss"]
[EventRounds "9"]
[EventCountry "ARG"]
[SourceTitle "CBM 171 Extra"]
[Source "ChessBase"]
[SourceDate "2016.04.26"]
[SourceVersion "1"]
[SourceVersionDate "2016.04.26"]
[SourceQuality "1"]

1. d4 d5 2. c4 c6 3. Nf3 Nf6 4. e3 Bf5 5. Nc3 e6 6. Nh4 Be4 7. f3 Bg6 8. Qb3 Qc7 9. Bd2 Nbd7 10. Nxg6 hxg6 11. 0-0-0 Be7 12. h3 0-0 13. Kb1 a6 14. cxd5 cxd5 15. g4 b5 16. Bd3 Nb6 17. e4 dxe4 18. fxe4 e5 19. dxe5 Qxe5 20. Rhf1 Rad8 21. Bf4 Qc5 22. e5 Nfd5 23. Nxd5 Qxd5 24. Qxd5 Nxd5 25. Bc1 Nc7 26. Be4 Bc5 27. Bf4 Ne6 28. Bg3 Bd4 29. Rd2 g5 30. Bf5 Be3 31. Rd6 Nf4 32. Rxd8 Rxd8 33. Bxf4 gxf4 34. e6 g6 35. exf7+ Kxf7 36. Bc2 g5 37. Rd1 Rh8 38. Rh1 f3 39. Be4 f2 40. Bg2 Rd8 41. Kc2 Rd2+ 42. Kc3 Kf6 43. h4 gxh4 44. Rh3 Bg5 45. Rf3+ Kg6 46. Rf8 Re2 47. Rf5 Bf6+ 0-1